15

Доступно только в Электронных читальных залах Найти на картеНа карте
RUSMARC
00004168nac2a22002771x 450
001009566f7-7674-4b68-9cf6-33d12adb07d4
00520170817133136.0
100##$a20170517l1930 k y0rusy50 ca
1010#$arus
102##$aRU
105##$ay z |||||
1220#$ad19300618
2001#$a15
$j18.06.1930
215##$a7 листов
251##$cДело
300##$aЗаголовок дела на папке: Протокол № 15 Объединенного заседания Секретариатов ЦИК Союза ССР и ВЦИК от 18 июня 1930 г.
300##$aМашинописный и рукописный текст
330##$aВходит в раздел описи: Протоколы объединенных заседаний Секретариатов ЦИК Союза ССР и ВЦИК
461#0$1001796d4672-8a00-4986-b488-6e42273792cc
$12001
$aЦЕНТРАЛЬНЫЙ ИСПОЛНИТЕЛЬНЫЙ КОМИТЕТ СССР (ЦИК СССР)
$1251
$cФонд
$1852
$j3316
$gР
462#0$10015593f570-cd62-4a8d-a1d8-0c815fe27ed2
$12001
$aПротоколы заседаний Президиума ЦИК СССР, объединенных заседаний секретариатов ЦИК СССР и ВЦИК и совещаний при председателе ЦИК СССР. 1923-1938 гг.
$vД. 1290
$1251
$cОпись
$1852
$j12
5171#$aПротокол № 15 Объединенного заседания Секретариатов ЦИК Союза ССР и ВЦИК от 18 июня 1930 г.
60101$3RU\NLR\AUTH\880357276
$aСССР
$bЦИК
60101$3RU\NLR\AUTH\8810063208
$aРСФСР
$bЦентральный исполнительный комитет
801#0$aRU
$bGA_RF
801#1$aRU
$bАО "НПО Опыт"
$c20170517
$2rusmarc
801#2$aRU
$bПБ им. Б.Н. Ельцина
$c20170817
$gRCR
$2rusmarc
852##$aГА РФ
$j1290
937##$d101933338
$hПБ
035##$aRuPRLIB51043422
856##$uhttp://readingroom.main.prlib.ru/item.aspx?id_node=n101933338&mode=full
Формат отображения